000
00439nam a2200133Ia 4500
008
100328s9999 xx 000 0 und d
082
_b
20359
100
_a
देगलूरकर ाुंडा महाराज
245
_a
भक्तिशास्त्र
260
_b
एकनाथ संशोान
630
_a
भक्तिशास्त्र
730
_a
भक्तिशास्त्र
942
_c
BOOK
999
_c
514513
_d
514510